[Event "Wch U10 Girls"]
[Site "Montesilvano"]
[Date "2024.11.23"]
[Round "8"]
[White "Kovacikova, Simona"]
[Black "Kocherha, Yelizavieta"]
[Result "1-0"]
[WhiteElo "1412"]
[BlackElo "1523"]
[PlyCount "79"]
[EventDate "2024.11.15"]
[EventType "swiss"]
[EventRounds "11"]
[EventCountry "ITA"]
[SourceTitle "CB48_2024"]
[SourceDate "2024.11.28"]
[SourceVersion "1"]
[SourceVersionDate "2024.11.28"]
[SourceQuality "1"]

1. e4 c6 2. d4 d5 3. exd5 cxd5 4. Bd3 Nc6 5. c3 Nf6 6. h3 g6 7. Nf3 Bg7 8. 0-0 0-0 9. Re1 Bf5 10. Be2 Rc8 11. Be3 Qb6 12. b3 Rfe8 13. Nbd2 e5 14. dxe5 Nxe5 15. Bxb6 Nxf3+ 16. Bxf3 Rxe1+ 17. Qxe1 axb6 18. c4 dxc4 19. Nxc4 Nd7 20. Rd1 b5 21. Ne3 Be6 22. Nd5 Bxd5 23. Bxd5 Nf6 24. Bxb7 Re8 25. Qb4 h5 26. Qxb5 Kh7 27. Bd5 Re5 28. Qb7 Nxd5 29. Rxd5 Re1+ 30. Kh2 Be5+ 31. Rxe5 Rxe5 32. Qxf7+ Kh6 33. Qf4+ Rg5 34. h4 Kh7 35. Qxg5 Kh8 36. Qe7 g5 37. b4 g4 38. b5 g3+ 39. Kxg3 Kg8 40. b6 1-0

[Event "Wch U10 Girls"]
[Site "Montesilvano"]
[Date "2024.11.20"]
[Round "6"]
[White "Rosset, Anna"]
[Black "Kocherha, Yelizavieta"]
[Result "1-0"]
[WhiteElo "1814"]
[BlackElo "1523"]
[PlyCount "65"]
[EventDate "2024.11.15"]
[EventType "swiss"]
[EventRounds "11"]
[EventCountry "ITA"]
[SourceTitle "CB48_2024"]
[SourceDate "2024.11.28"]
[SourceVersion "1"]
[SourceVersionDate "2024.11.28"]
[SourceQuality "1"]

1. e4 c6 2. d4 d5 3. Nc3 dxe4 4. Nxe4 Bf5 5. Ng3 Bg6 6. h4 h6 7. Nf3 Nd7 8. h5 Bh7 9. Bd3 Bxd3 10. Qxd3 e6 11. Bf4 Qa5+ 12. Bd2 Bb4 13. c3 Be7 14. Ne4 Ngf6 15. c4 Qc7 16. Nxf6+ Nxf6 17. 0-0-0 Rd8 18. Qe2 0-0 19. Kb1 c5 20. dxc5 Qxc5 21. Rdg1 Qf5+ 22. Ka1 Ne4 23. g4 Qh7 24. Be3 Bc5 25. g5 Bxe3 26. Qxe3 hxg5 27. Nxg5 Nxg5 28. Rxg5 Kh8 29. a3 b6 30. f4 Rd3 31. h6 Kg8 32. Qxd3 Qxd3 33. hxg7 1-0

[Event "Wch U10 Girls"]
[Site "Montesilvano"]
[Date "2024.11.19"]
[Round "5"]
[White "Kocherha, Yelizavieta"]
[Black "Mohamed Ahmed, Ghidaa"]
[Result "0-1"]
[WhiteElo "1523"]
[BlackElo "1638"]
[PlyCount "75"]
[EventDate "2024.11.15"]
[EventType "swiss"]
[EventRounds "11"]
[EventCountry "ITA"]
[SourceTitle "CB48_2024"]
[SourceDate "2024.11.28"]
[SourceVersion "1"]
[SourceVersionDate "2024.11.28"]
[SourceQuality "1"]

1. e4 e5 2. Nf3 d6 3. d4 exd4 4. Nxd4 Nf6 5. Nc3 Be7 6. Bf4 0-0 7. Qd2 a6 8. 0-0-0 b5 9. Be2 Re8 10. f3 b4 11. Nd5 Nxd5 12. exd5 a5 13. g4 Bf6 14. Bb5 Bd7 15. Bxd7 Qxd7 16. Nf5 Qb5 17. Rhe1 Nd7 18. h4 Nb6 19. Rxe8+ Rxe8 20. Ne3 Na4 21. Qd3 Bxb2+ 22. Kb1 Qxd3 23. Rxd3 Bc3 24. Bg3 Nc5 25. Rd1 Rxe3 26. Bf2 Rxf3 27. Bxc5 dxc5 28. g5 Re3 29. Kc1 Re1 30. Rxe1 Bxe1 31. d6 cxd6 32. c3 Bxc3 33. g6 hxg6 34. h5 gxh5 35. a4 bxa3 36. Kb1 h4 37. Kc2 a2 38. Kd1 0-1

[Event "Wch U10 Girls"]
[Site "Montesilvano"]
[Date "2024.11.17"]
[Round "3"]
[White "Kocherha, Yelizavieta"]
[Black "Bakhshi, Rana"]
[Result "0-1"]
[WhiteElo "1523"]
[BlackElo "1727"]
[PlyCount "124"]
[EventDate "2024.11.15"]
[EventType "swiss"]
[EventRounds "11"]
[EventCountry "ITA"]
[SourceTitle "CB48_2024"]
[SourceDate "2024.11.28"]
[SourceVersion "1"]
[SourceVersionDate "2024.11.28"]
[SourceQuality "1"]

1. e4 c5 2. Nf3 d6 3. d4 cxd4 4. c3 dxc3 5. Nxc3 Nc6 6. Bc4 e6 7. 0-0 Nf6 8. Qe2 Be7 9. Rd1 e5 10. Be3 0-0 11. Rac1 a6 12. Nd5 Nxd5 13. Bxd5 Bd7 14. h3 h6 15. Rc3 Kh7 16. Nd2 f5 17. exf5 Bxf5 18. Nc4 Qe8 19. Bxc6 bxc6 20. Nxd6 Bxd6 21. Rxd6 Rf6 22. Rxf6 gxf6 23. Qf3 Qg6 24. Rxc6 Rg8 25. Qg3 Qh5 26. Rc7+ Kh8 27. Bg5 Qxg5 28. Qf3 e4 29. Qg3 Qxg3 30. fxg3 Rxg3 31. Kf2 Rd3 32. Ke2 Rd7 33. Rc6 Kg7 34. Rxa6 Rb7 35. b3 Kg6 36. Ke3 Kg5 37. g4 Bh7 38. Ra5+ Kh4 39. Rh5+ Kg3 40. Rxh6 f5 41. gxf5 Bxf5 42. h4 Rc7 43. Rf6 Bh7 44. Rh6 Bf5 45. Rh5 Bg4 46. Re5 Bf3 47. h5 Rc3+ 48. Kd2 Rd3+ 49. Kc2 Kf4 50. Rc5 Rd6 51. Rc4 Bxh5 52. a4 Kf3 53. Rc5 Bg6 54. Re5 e3+ 55. Kc3 e2 56. b4 Rd3+ 57. Kc4 Re3 58. Rxe3+ Kxe3 59. a5 e1Q 60. a6 Qe2+ 61. Kc5 Bf7 62. a7 Qc4+ 0-1

[Event "EU-ch U10 Girls"]
[Site "Prague"]
[Date "2024.08.28"]
[Round "6"]
[White "Mierina, Liva"]
[Black "Kocherha, Yelizavieta"]
[Result "0-1"]
[WhiteElo "1599"]
[BlackElo "1519"]
[PlyCount "72"]
[EventDate "2024.08.22"]
[EventType "swiss"]
[EventRounds "9"]
[EventCountry "CZE"]
[SourceTitle "CBM 221 Extra"]
[Source "ChessBase"]
[SourceDate "2024.09.30"]
[SourceVersion "1"]
[SourceVersionDate "2024.09.30"]
[SourceQuality "1"]

1. d4 d5 2. Nf3 Nf6 3. c4 e6 4. Nc3 c6 5. e3 Bb4 6. a3 Bxc3+ 7. bxc3 Qa5 8. Bb2 Nbd7 9. cxd5 exd5 10. g3 Ne4 11. Qb3 Ndf6 12. Bg2 Qc7 13. Qb4 c5 14. Qb5+ Bd7 15. Qe2 a6 16. Qc2 Bb5 17. a4 Bc4 18. Ne5 cxd4 19. cxd4 Qa5+ 20. Kd1 Bb3 21. Bc1 Bxc2+ 22. Kxc2 Qc3+ 23. Kb1 Qb3+ 24. Bb2 Rc8 25. Ra3 Qc2+ 26. Ka1 0-0 27. Bxe4 Nxe4 28. f4 Nd2 29. h4 f6 30. Ng4 Rc4 31. Rc1 Nb3+ 32. Rxb3 Qxb3 33. Rxc4 Qxc4 34. h5 Qxa4+ 35. Kb1 Qd1+ 36. Bc1 Rc8 0-1

[Event "EU-ch U10 Girls"]
[Site "Prague"]
[Date "2024.08.23"]
[Round "2"]
[White "Bhaumik, Mehr"]
[Black "Kocherha, Yelizavieta"]
[Result "1-0"]
[WhiteElo "1606"]
[BlackElo "1519"]
[PlyCount "79"]
[EventDate "2024.08.22"]
[EventType "swiss"]
[EventRounds "9"]
[EventCountry "CZE"]
[SourceTitle "CBM 221 Extra"]
[Source "ChessBase"]
[SourceDate "2024.09.30"]
[SourceVersion "1"]
[SourceVersionDate "2024.09.30"]
[SourceQuality "1"]

1. d4 d5 2. Nc3 Nf6 3. Bf4 c5 4. e3 cxd4 5. exd4 a6 6. Nf3 Nc6 7. Ne5 Qb6 8. Nxc6 Qxb2 9. Na4 Qa3 10. Nb6 Ne4 11. Bd2 bxc6 12. Nxa8 Nc3 13. Qf3 Nb5 14. Bxb5 Qxf3 15. Bxc6+ Kd8 16. gxf3 e6 17. Ba5+ Ke7 18. Nb6 Kd6 19. Ba4 Bb7 20. Bb3 g6 21. Bb4+ Kc7 22. Bxf8 Rxf8 23. Na4 Kd6 24. Nc5 Bc8 25. c4 e5 26. cxd5 exd4 27. Ne4+ Ke5 28. d6 f5 29. Nd2 Kxd6 30. Nc4+ Kc5 31. 0-0-0 Bb7 32. Rd3 Rd8 33. Rhd1 Bc6 34. f4 Be4 35. R3d2 Bc6 36. Re1 Be4 37. Kb2 Rd7 38. Rc1 Kb5 39. Ba4+ Kxa4 40. Nb6+ 1-0